[Event "AUTO-OPEN-3788"]
[Site "http://www.queenalice.com/game.php?id=1472992"]
[Date "2017.4.12"]
[Round "1"]
[White "Luke1416"]
[Black "junipero"]
[Result "0-1"]
[WhiteElo "1591"]
[BlackElo "2012"]

1. e4 c5 2. c4 Nc6 3. Nf3 d6 4. d3 e5 5. Be2 Nf6 6. Bg5 Be7 7. Bxf6 Bxf6 8. Nc3
O-O 9. Nd5 a6 10. Qd2 b5 11. b3 Bb7 12. Nxf6+ Qxf6 13. cxb5 axb5 14. O-O h6 15.
Rfc1 b4 16. Qb2 Ne7 17. a3 bxa3 18. Rxa3 Rxa3 19. Qxa3 Ra8 20. Qb2 Ng6 21. Ra1
Nf4 22. Rxa8+ Bxa8 23. b4 cxb4 24. g3 Nxd3 25. Bxd3 Qxf3 26. Bc2 Bxe4 27. Bxe4
Qxe4 28. Qd2 b3 29. Qxd6 Qb1+ 30. Kg2 b2 31. Qb8+ Kh7 32. Qxe5 Qc2 33. g4 b1=Q
0-1

[Event "AUTO-OPEN-3788"]
[Site "http://www.queenalice.com/game.php?id=1473023"]
[Date "2017.4.12"]
[Round "1"]
[White "Luke1416"]
[Black "TITAN10"]
[Result "0-1"]
[WhiteElo "1597"]
[BlackElo "1859"]

1. e4 c5 2. c4 d6 3. d3 Nc6 4. a3 Nf6 5. h3 e5 6. Bg5 Be7 7. Bxf6 Bxf6 8. Nf3
O-O 9. Be2 Nd4 10. Nxd4 cxd4 11. b4 Bd7 12. b5 b6 13. Nd2 a5 14. Nf3 Rc8 15. a4
h6 16. O-O Re8 17. Qd2 Bg5 18. Nxg5 Qxg5 19. Qxg5 hxg5 20. g4 g6 21. f3 Kg7 22.
Rfc1 Rc5 23. Kg2 f5 24. gxf5 gxf5 25. Rg1 f4 26. Rh1 Rh8 27. Rag1 Rcc8 28. Kf2
Kf6 29. Bf1 Rh4 30. Ke2 Rch8 31. Kd2 Bxh3 32. Kc1 Bxf1 33. Rxh4 Rxh4 34. Rxf1
Rh2 35. Kd1 Kg6 36. Ke1 Kh5 37. Rf2 Rh1+ 38. Ke2 Kh4 39. Rf1 Rxf1 40. Kxf1 Kg3
41. Ke2 Kg2 42. Kd2 Kxf3 0-1

[Event "AUTO-OPEN-3788"]
[Site "http://www.queenalice.com/game.php?id=1473024"]
[Date "2017.4.12"]
[Round "1"]
[White "TITAN10"]
[Black "Luke1416"]
[Result "0-1"]
[WhiteElo "1755"]
[BlackElo "1649"]

1. e4 e5 2. Nf3 d6 3. h3 a6 4. c3 Nf6 5. Bd3 Nc6 6. Bc2 Be6 7. d3 h6 8. Be3 Be7
9. Nbd2 b5 10. b3 Nh7 11. O-O Ng5 12. c4 bxc4 13. dxc4 Nxf3+ 14. Nxf3 Nb4 15.
Re1 O-O 16. a3 Nxc2 17. Qxc2 c5 18. Red1 Qd7 19. Nxe5 Qb7 20. Nf3 a5 21. a4 Rfb8
22. Rab1 Ra6 23. Rd3 Bf6 24. Nd2 Be5 25. f4 Bf6 26. g4 Qe7 27. Kg2 Bh4 28. f5
Bd7 29. Bf4 Bg5 30. Be3 Bxe3 31. Rxe3 Bc6 32. Rbe1 Rd8 33. Qc3 f6 34. h4 Ba8 35.
Nb1 Qf7 36. Na3 Bc6 37. Nb5 Bxb5 38. axb5 Raa8 39. Ra1 g6 40. Rg3 gxf5 41. gxf5+
Kf8 42. Rg6 Ke7 43. Rxa5 Rg8 44. h5 Rxg6+ 45. hxg6 Qg8 46. Rxa8 Qxa8 47. Qb2
Qxe4+ 48. Kg1 Qxf5 49. Qe2+ Kf8 50. Qg2 Qb1+ 51. Kh2 Qxb3 52. Qe2 Kg7 53. Kg2
Qb1 54. Qg4 Qc2+ 55. Kg3 Qd3+ 56. Kh4 Qd4 0-1

[Event "AUTO-OPEN-3795"]
[Site "http://www.queenalice.com/game.php?id=1475775"]
[Date "2017.4.29"]
[Round "1"]
[White "chessman"]
[Black "Luke1416"]
[Result "1-0"]
[WhiteElo "1862"]
[BlackElo "1548"]

1. e4 e5 2. Nf3 d6 3. d4 Bg4 4. dxe5 Bxf3 5. Qxf3 dxe5 6. Bc4 Nf6 7. O-O a6 8.
Rd1 Bd6 9. Bg5 b5 10. Bb3 h6 11. Bxf6 Qxf6 12. Qxf6 gxf6 13. c3 Nc6 14. Bd5 Kd7
15. Nd2 Raf8 16. Nf1 Rh7 17. Ng3 h5 18. Nf5 Ne7 19. Nxd6 Nxd5 20. Rxd5 cxd6 21.
Rad1 Kc7 22. Rxd6 Ra8 23. Rxf6 Kb7 24. Rd7+ Kc8 25. Rfxf7 Rxf7 26. Rxf7 Rb8 27.
Rf8+ Kb7 28. Rxb8+ Kxb8 29. Kf1 Kc7 30. Ke2 Kd6 31. Kd3 Kc5 32. h4 b4 33. cxb4+
Kxb4 34. g4 hxg4 35. h5 a5 36. h6 a4 37. h7 a3 38. b3 Kc5 39. h8=Q Kd6 40. Qf6+
Kc5 41. Qxe5+ Kc6 42. Kc4 1-0

[Event "AUTO-OPEN-3795"]
[Site "http://www.queenalice.com/game.php?id=1475776"]
[Date "2017.4.29"]
[Round "1"]
[White "Luke1416"]
[Black "chessman"]
[Result "0-1"]
[WhiteElo "1593"]
[BlackElo "1833"]

1. e4 e6 2. d4 d5 3. exd5 exd5 4. h3 Nc6 5. Bb5 Nf6 6. Bg5 Be7 7. Bxf6 Bxf6 8.
Nf3 O-O 9. Bxc6 bxc6 10. O-O Qd6 11. Re1 Ba6 12. Nc3 Rfe8 13. Rxe8+ Rxe8 14. Qd2
h6 15. Re1 Re6 16. Rxe6 fxe6 17. a3 c5 18. dxc5 Qxc5 19. Ne1 Qd6 20. Nf3 c5 21.
Qc1 Bb7 22. Ne2 d4 23. b3 Bd8 24. a4 Bc7 25. Qd2 Bxf3 26. g3 e5 27. Qd3 e4 28.
Qd2 e3 29. fxe3 Bxe2 30. Qxe2 Qxg3+ 31. Qg2 Qxe3+ 32. Kh1 Qe1+ 33. Qg1 Qxg1+ 34.
Kxg1 Kf7 35. Kf2 Ke6 36. Ke2 Ke5 37. Kf3 Bd8 38. Ke2 Ke4 39. Kd2 g5 40. c3 d3
41. b4 cxb4 0-1

[Event "AUTO-OPEN-3795"]
[Site "http://www.queenalice.com/game.php?id=1475803"]
[Date "2017.4.29"]
[Round "1"]
[White "Scharlatan"]
[Black "Luke1416"]
[Result "1-0"]
[WhiteElo "2011"]
[BlackElo "1599"]

1. e4 e5 2. Nf3 d6 3. d4 Bg4 4. Bc4 a6 5. dxe5 dxe5 6. Bxf7+ Kxf7 7. Qxd8 Be7 8.
Nxe5+ Ke6 9. Qd5+ Kf6 10. Nxg4+ Kg6 11. Qf5# 1-0

[Event "AUTO-OPEN-3795"]
[Site "http://www.queenalice.com/game.php?id=1475804"]
[Date "2017.4.29"]
[Round "1"]
[White "Luke1416"]
[Black "Scharlatan"]
[Result "0-1"]
[WhiteElo "1587"]
[BlackElo "2157"]

1. e4 e5 2. Nf3 Nc6 3. a3 Nf6 4. Nc3 d5 5. Bb5 dxe4 6. Nxe5 Bd7 7. Bxc6 Bxc6 8.
Nxc6 bxc6 9. Qe2 Be7 10. d3 exd3 11. Qxd3 Qxd3 12. cxd3 O-O-O 13. Kd2 Rd7 14.
Kc2 Rhd8 15. Rd1 Kb7 16. Bg5 Ng8 17. Bxe7 Nxe7 18. g4 Nd5 19. Nxd5 Rxd5 20. f3
Kb6 21. a4 a5 22. Rd2 Rd4 23. b3 Rf4 24. Rf1 Rd6 25. Kb2 Rdf6 26. Rdf2 Kc5 27.
Kc3 Kd5 28. h4 Re6 29. h5 Re3 30. Kd2 Kd4 31. g5 Rh4 32. h6 gxh6 0-1

[Event "AUTO-OPEN-3795"]
[Site "http://www.queenalice.com/game.php?id=1475823"]
[Date "2017.4.29"]
[Round "1"]
[White "Luke1416"]
[Black "italomachado"]
[Result "1-0"]
[WhiteElo "1621"]
[BlackElo "1562"]

1. e4 e5 2. d3 Nf6 3. Bg5 Be7 4. Bxf6 Bxf6 5. c4 Nc6 6. Nf3 d6 7. h3 g5 8. Nc3
g4 9. hxg4 Bg5 10. Nxg5 Rg8 11. Nxh7 Rh8 12. Qf3 Nd4 13. Nf6+ Ke7 14. Nfd5+ Kd7
15. Qxf7+ Kc6 16. Rxh8 Qxh8 17. Ne7+ Kc5 18. Nxc8 Nc2+ 19. Ke2 c6 20. Qxb7 Rxc8
21. Qxa7+ Kb4 22. Qb6# 1-0

[Event "AUTO-OPEN-3795"]
[Site "http://www.queenalice.com/game.php?id=1475824"]
[Date "2017.4.29"]
[Round "1"]
[White "italomachado"]
[Black "Luke1416"]
[Result "0-1"]
[WhiteElo "1573"]
[BlackElo "1635"]

1. e4 e5 2. Qf3 d6 3. Bc4 Nf6 4. h3 a6 5. Qb3 Qe7 6. Nf3 b5 7. Bd5 c6 8. Ng5
Nxd5 9. exd5 Qxg5 10. dxc6 Nxc6 11. Nc3 Nd4 12. Qd5 Ra7 13. d3 Nxc2+ 14. Ke2
Qh5+ 15. g4 Nd4+ 16. Kf1 Qg6 17. Rg1 Qxd3+ 18. Kg2 Bb7 19. Rd1 Bxd5+ 20. Nxd5
Qf3+ 21. Kf1 Qxd1+ 22. Kg2 Qf3+ 23. Kf1 Qxd5 24. Be3 Qh1# 0-1

[Event "Challenge"]
[Site "http://www.queenalice.com/game.php?id=1476043"]
[Date "2017.5.1"]
[Round "-"]
[White "mvson33"]
[Black "Luke1416"]
[Result "1-0"]
[WhiteElo "1800"]
[BlackElo "1625"]

1. e4 e5 2. Nf3 d6 3. Bc4 Bg4 4. Nc3 Nf6 5. h3 Bxf3 6. Qxf3 a6 7. d3 b5 8. Bb3
h6 9. Be3 c5 10. a3 Nc6 11. O-O Be7 12. Qg3 g6 13. Qh2 b4 14. axb4 cxb4 15. Ne2
a5 16. Ba4 Qc7 17. Bb3 Qd7 18. Ba4 Kf8 19. f4 exf4 20. Nxf4 g5 21. Ne2 Qc7 22.
Bxc6 Qxc6 23. Nd4 Qc5 24. Ne6+ fxe6 25. Bxc5 dxc5 26. e5 Kg7 27. exf6+ Bxf6 28.
Qc7+ Kg6 29. Rxf6+ Kxf6 30. Rf1+ Kg6 31. Qf7# 1-0

[Event "Challenge"]
[Site "http://www.queenalice.com/game.php?id=1476044"]
[Date "2017.5.1"]
[Round "-"]
[White "Luke1416"]
[Black "mvson33"]
[Result "0-1"]
[WhiteElo "1669"]
[BlackElo "1674"]

1. e4 e5 2. d3 d5 3. exd5 Qxd5 4. Qe2 Nc6 5. Nc3 Qd8 6. Nf3 Bg4 7. h3 Bh5 8. Be3
Nf6 9. Bg5 Be7 10. Bxf6 Bxf6 11. a3 Qd7 12. g4 Bg6 13. Bg2 h6 14. O-O-O O-O-O
15. Nb5 Kb8 16. Ne1 a6 17. Bxc6 Qxc6 18. Nc3 Rhe8 19. f3 Be7 20. Qxe5 Bf6 21.
Qg3 Bxc3 22. b3 Qb5 23. f4 Qa5 24. a4 Qb4 25. Rd2 Qa3+ 26. Kd1 Qa1# 0-1

[Event "AUTO-INT-3244"]
[Site "http://www.queenalice.com/game.php?id=1476225"]
[Date "2017.5.1"]
[Round "1"]
[White "fario"]
[Black "Luke1416"]
[Result "1-0"]
[WhiteElo "1702"]
[BlackElo "1476"]

1. e4 e5 2. Nf3 d6 3. Bc4 Bg4 4. h3 Bxf3 5. Qxf3 Nf6 6. Nc3 a6 7. Nd5 Be7 8. Qb3
b5 9. Nxf6+ Bxf6 10. Bxf7+ Kf8 11. a4 bxa4 12. Qb7 Nd7 13. Ba2 Nc5 14. Qd5 Qe8
15. d3 Rb8 16. f4 exf4 17. Bxf4 Ne6 18. Qxe6 Qxe6 19. Bxe6 Rxb2 20. Kd2 g5 21.
Be3 Rb6 22. Rxa4 Ke7 23. Bxb6 cxb6 24. Bf5 a5 25. Rb1 Rb8 26. Rxa5 Rc8 27. Rxb6
Bc3+ 28. Kc1 Bxa5 29. Ra6 Rc5 30. d4 Rb5 31. c4 Rb4 32. Rxa5 Rxc4+ 33. Kd2 Rxd4+
34. Ke3 Rc4 35. Ra7+ Kf6 36. Rxh7 Rc3+ 37. Kd4 Rc5 38. Rh6+ Ke7 39. Rg6 Rc2 40.
Rxg5 Kf6 41. Rg6+ Kf7 42. h4 1-0

[Event "AUTO-INT-3244"]
[Site "http://www.queenalice.com/game.php?id=1476226"]
[Date "2017.5.1"]
[Round "1"]
[White "Luke1416"]
[Black "fario"]
[Result "0-1"]
[WhiteElo "1639"]
[BlackElo "1688"]

1. d4 d5 2. e3 Nf6 3. Nc3 c5 4. dxc5 Nc6 5. Bb5 e5 6. Nf3 Bg4 7. h3 Bxf3 8. Qxf3
Bxc5 9. O-O e4 10. Qg3 O-O 11. Bxc6 bxc6 12. a3 Bd6 13. f4 exf3 14. Qxf3 Qb6 15.
b4 a5 16. bxa5 Qxa5 17. Ne2 Rab8 18. a4 Be5 19. Ra2 Ne4 20. Rd1 Qc5 21. Ba3 Qc4
22. Bxf8 Qxa2 23. Be7 Qxc2 24. Ra1 Bxa1 25. Qg4 Qxa4 26. Nd4 Bxd4 27. exd4 Qxd4+
28. Kh2 Qe5+ 29. Kg1 Rb1+ 0-1

[Event "AUTO-INT-3244"]
[Site "http://www.queenalice.com/game.php?id=1476239"]
[Date "2017.5.1"]
[Round "1"]
[White "Luke1416"]
[Black "italomachado"]
[Result "0-1"]
[WhiteElo "1595"]
[BlackElo "1651"]

1. e4 e5 2. d3 Qf6 3. Nf3 Bb4+ 4. c3 Bc5 5. b4 Bd6 6. Bg5 Qe6 7. Be2 h6 8. Be3
g5 9. a4 c5 10. bxc5 Bc7 11. c4 Ba5+ 12. Nbd2 b6 13. h3 bxc5 14. Bxc5 d6 15. Ba3
g4 16. hxg4 Qxg4 17. O-O Qg7 18. Nb3 Bh3 19. g3 h5 20. Nbd2 h4 21. Nxh4 Rxh4 22.
Bf3 Nh6 23. Bg2 Bxg2 24. Kxg2 Bd8 25. Bxd6 Rg4 26. Qf3 Nd7 27. Rh1 Ba5 28. Nb3
Bd8 29. Nc5 Rf4 30. Qe3 Be7 31. Bxe7 Kxe7 32. Nxd7 Kxd7 33. Kf1 Ng4 34. Qe2
Rxf2+ 35. Qxf2 Nxf2 36. Kxf2 Rg8 37. Rhg1 Qh6 38. Rad1 Qh2+ 39. Kf3 Qh5+ 40. Kf2
Rg6 41. a5 Rf6+ 42. Kg2 Qe2+ 43. Kh3 Rf2 44. g4 Rh2+ 45. Kg3 Qf2# 0-1

[Event "AUTO-INT-3244"]
[Site "http://www.queenalice.com/game.php?id=1476240"]
[Date "2017.5.1"]
[Round "1"]
[White "italomachado"]
[Black "Luke1416"]
[Result "0-1"]
[WhiteElo "1564"]
[BlackElo "1607"]

1. e4 e5 2. d3 d6 3. Qf3 Nf6 4. d4 exd4 5. Bc4 a6 6. Ne2 Bg4 7. Qb3 b5 8. Bxf7+
Kd7 9. e5 dxe5 10. Bg5 Qe7 11. Bxf6 Qxf6 12. Qd5+ Bd6 13. Qb3 Bxe2 14. Kxe2 Rf8
15. Bd5 Qxf2+ 16. Kd3 Qe3# 0-1

[Event "AUTO-INT-3244"]
[Site "http://www.queenalice.com/game.php?id=1476241"]
[Date "2017.5.1"]
[Round "1"]
[White "Luke1416"]
[Black "Alex_ac"]
[Result "1-0"]
[WhiteElo "1581"]
[BlackElo "1490"]

1. d4 e6 2. e4 d5 3. exd5 Qxd5 4. Nc3 Qd7 5. Bb5 c6 6. Be2 Nf6 7. a3 g6 8. Nf3
Bg7 9. O-O h6 10. Be3 O-O 11. b4 a5 12. bxa5 Nd5 13. Nxd5 cxd5 14. c4 Nc6 15.
cxd5 Qxd5 16. Qd2 f5 17. Rfb1 Rxa5 18. Qa2 f4 19. Bd2 Ra4 20. Qxd5 exd5 21. Bb5
Rxd4 22. Nxd4 Bxd4 23. Ra2 Ne5 24. Rb4 Bc5 25. Rxf4 g5 26. Rxf8+ Bxf8 27. Bb4
Ng6 28. Bxf8 Kxf8 29. a4 Ne5 30. Rc2 Bf5 31. Rc7 Bd3 32. Bxd3 Nxd3 33. Rxb7 Nf4
34. a5 Ne6 35. a6 Nd8 36. Rd7 Nc6 37. Rxd5 1-0

[Event "AUTO-INT-3244"]
[Site "http://www.queenalice.com/game.php?id=1476242"]
[Date "2017.5.1"]
[Round "1"]
[White "Alex_ac"]
[Black "Luke1416"]
[Result "1-0"]
[WhiteElo "1491"]
[BlackElo "1616"]

1. g3 e5 2. e4 d6 3. d3 Nc6 4. Nf3 Bg4 5. Bg2 Bxf3 6. Qxf3 Nf6 7. O-O h6 8. a3
a5 9. Nc3 Nd4 10. Qd1 Be7 11. h3 c6 12. Be3 c5 13. Na4 O-O 14. c3 Nc6 15. d4
cxd4 16. cxd4 exd4 17. Bxd4 Qd7 18. Nb6 Qe6 19. Nxa8 Rxa8 20. Bxf6 Bxf6 21. Qc2
Nd4 22. Qc7 Ne2+ 23. Kh2 Bxb2 24. Qxb7 Rf8 25. Qxb2 Nxg3 26. fxg3 Rc8 27. Rac1
Rxc1 28. Rxc1 Qd7 29. Qb8+ Kh7 30. e5 dxe5 31. Be4+ g6 32. Rc2 h5 33. Qxe5 Qa4
34. Rf2 Qxa3 35. Rxf7+ Kh6 36. Qg7+ Kg5 37. Qxg6# 1-0

[Event "AUTO-INT-3261"]
[Site "http://www.queenalice.com/game.php?id=1485105"]
[Date "2017.7.6"]
[Round "1"]
[White "Luke1416"]
[Black "Nelsonbento"]
[Result "0-1"]
[WhiteElo "1529"]
[BlackElo "1599"]

1. e4 e5 2. Nf3 f6 3. a3 a5 4. d4 Nc6 5. dxe5 Nxe5 6. Nxe5 fxe5 7. Bc4 Qf6 8.
O-O c6 9. Bxg8 Rxg8 10. Nc3 Bc5 11. Be3 Be7 12. Qd2 d5 13. exd5 Bd6 14. Ne4 Qe7
15. Nxd6+ Qxd6 16. dxc6 Qxc6 0-1

[Event "AUTO-INT-3261"]
[Site "http://www.queenalice.com/game.php?id=1485106"]
[Date "2017.7.6"]
[Round "1"]
[White "Nelsonbento"]
[Black "Luke1416"]
[Result "1-0"]
[WhiteElo "1612"]
[BlackElo "1516"]

1. e4 e5 2. h4 d6 3. g4 Be6 4. b3 h6 5. d3 Be7 6. g5 h5 7. Bh3 Bxh3 8. Rxh3 g6
9. Nc3 a6 10. Nd5 c6 11. Nxe7 Nxe7 12. Bb2 Qd7 13. f3 Qe6 14. d4 exd4 15. Qxd4
Rf8 16. O-O-O c5 17. Qf6 Qxf6 18. Bxf6 1-0

[Event "AUTO-INT-3261"]
[Site "http://www.queenalice.com/game.php?id=1485107"]
[Date "2017.7.6"]
[Round "1"]
[White "Luke1416"]
[Black "od_xavier"]
[Result "0-1"]
[WhiteElo "1504"]
[BlackElo "1539"]

1. e4 e5 2. Nf3 Nc6 3. h3 Bc5 4. a3 Nf6 5. Nc3 O-O 6. b4 Bb6 7. Bb5 a6 8. Bxc6
dxc6 9. d3 Ba7 10. O-O h6 11. Qe2 Be6 0-1

[Event "AUTO-INT-3261"]
[Site "http://www.queenalice.com/game.php?id=1485108"]
[Date "2017.7.6"]
[Round "1"]
[White "od_xavier"]
[Black "Luke1416"]
[Result "1-0"]
[WhiteElo "1554"]
[BlackElo "1489"]

1. e4 e5 2. Nf3 d6 3. Bc4 h6 4. d3 Bg4 5. O-O Bxf3 6. Qxf3 Nf6 7. Nc3 a6 8. Nd5
b5 9. Bb3 c6 10. Nxf6+ Qxf6 11. Qxf6 gxf6 12. f4 1-0